<?xml version="1.0" encoding="UTF-8"?>
<record
    xmlns:xsi="http://www.w3.org/2001/XMLSchema-instance"
    xsi:schemaLocation="http://www.loc.gov/MARC21/slim http://www.loc.gov/standards/marcxml/schema/MARC21slim.xsd"
    xmlns="http://www.loc.gov/MARC21/slim">

  <leader>00528nam a22001697a 4500</leader>
  <controlfield tag="003">LK-CoDNM</controlfield>
  <controlfield tag="005">20251003115627.0</controlfield>
  <controlfield tag="008">251003b        |||||||| |||| 00| 0 eng d</controlfield>
  <datafield tag="020" ind1=" " ind2=" ">
    <subfield code="a">9786240010771</subfield>
  </datafield>
  <datafield tag="040" ind1=" " ind2=" ">
    <subfield code="a">LK-CoDNM</subfield>
    <subfield code="d">LK-CoDNM</subfield>
    <subfield code="e">LK-CoDNM</subfield>
  </datafield>
  <datafield tag="080" ind1=" " ind2=" ">
    <subfield code="a">398</subfield>
    <subfield code="b">ABE</subfield>
  </datafield>
  <datafield tag="100" ind1=" " ind2=" ">
    <subfield code="a">&#xD85;&#xDB6;&#xDDA;&#xDC3;&#xDDA;&#xD9A;&#xDBB; &#xDC4;&#xDD0;&#xDBB;&#xDD3;,&#xDC0;&#xDD2;&#xDB1;&#xDD3;&#xDAD;&#xDCF; &#xD85;&#xDB6;&#xDDA;&#xDC3;&#xDDA;&#xD9A;&#xDBB;</subfield>
  </datafield>
  <datafield tag="245" ind1=" " ind2=" ">
    <subfield code="a">&#xD9A;&#xDB4;&#xDD2;&#xDBD; &#xDC3;&#xDD3;&#xDBA;&#xDCF; &#xD9A;&#xDD2;&#xDBA;&#xDCF;&#xDAF;&#xDD4;&#xDB1;&#xDCA; &#xDBB;&#xDC3;&#xDC0;&#xDAD;&#xDCA; &#xD9A;&#xDAD;&#xDCF;</subfield>
  </datafield>
  <datafield tag="260" ind1=" " ind2=" ">
    <subfield code="a">colombo</subfield>
    <subfield code="b">GODAGE</subfield>
    <subfield code="c">2021</subfield>
  </datafield>
  <datafield tag="300" ind1=" " ind2=" ">
    <subfield code="a">139P,21CM</subfield>
  </datafield>
  <datafield tag="942" ind1=" " ind2=" ">
    <subfield code="c">BK</subfield>
  </datafield>
  <datafield tag="952" ind1=" " ind2=" ">
    <subfield code="0">0</subfield>
    <subfield code="1">0</subfield>
    <subfield code="4">0</subfield>
    <subfield code="7">0</subfield>
    <subfield code="8">MONO</subfield>
    <subfield code="a">MAIN</subfield>
    <subfield code="b">MAIN</subfield>
    <subfield code="c">REF</subfield>
    <subfield code="d">2025-10-03</subfield>
    <subfield code="l">0</subfield>
    <subfield code="o">398 ABE</subfield>
    <subfield code="p">174177</subfield>
    <subfield code="r">2025-10-03</subfield>
    <subfield code="w">2025-10-03</subfield>
    <subfield code="y">BK</subfield>
  </datafield>
  <datafield tag="999" ind1=" " ind2=" ">
    <subfield code="c">240291</subfield>
    <subfield code="d">240291</subfield>
  </datafield>
</record>
